000 00466nam a2200181Ia 4500
001 18047
005 20260306171602.0
008 260306s9999||||xx |||||||||||||| ||und||
041 _aESP
082 _a658.4
_bC93
100 _aCuatrecasas, Lluis
_eAUT
245 0 _aLean management:
_bla gestión eficiente de la realidad empresarial
260 _c2013
300 _axv, 159 páginas :
_c24 cm.
650 _aGEN
654 _aCAN
942 _cLIB
_dJUS
_fJUS
_2ddc
_n
999 _c18047
_d18047